000 00232nam a22001097a 4500
082 _a808.3 BOW'T
100 _aBOWER, B. M
_979966
245 _aTRIGGER VENGEANCE
260 _aNEWYORK
_bSIGNET
_c1962
300 _a160P
942 _cBK
999 _c584943
_d584943